02438 a2200205 4500001000500000005001700005008004100022003001500063040004000078080005200118245005500170020001800225250001200243264003400255300002300289505173300312041000802045100003302053856014602086335720260407155428.0260407a1997 arg spa dAR-UNSa-BCEJYS aAR-UNSa-BCEJYSbspacAR-UNSa-BCEJYS a336.2xIngresos públicos (Derecho tributario)10aCurso de finanzas, derecho financiero y tributario a950-14-0935-X a6a. ed. 1aBuenos Aires :bDepalmac1997 axl, 890 p.c23 cm. a1. Ciencia de la finanzas y actividad financiera - 2. Los gastos públicos - 3. Los recursos del estado - 4. Los tributos. El impuesto - 5. Los tributos (cont.). Las tasas. Las contribuciones especiales. Las contribuciones parafiscales - 6. Derecho financiero y derecho tributario - 7. Interpretación y aplicación de la ley tributaria - 8. Derecho constitucional tributario - 9. Derecho tributario material - 10. Derecho tributario formal - 11. Derecho penal tributario - 12. Derecho procesal tributario - 13. Derecho internacional tributario - 14. Sistema tributario - 15. Impuesto a la renta (Impuesto a las ganancias) - 16. Impuesto a los premios de determinados juegos y concursos - 17. Impuesto al mayor valor (impuesto sobre los beneficios eventuales) - 18. Impuesto sobre la transferencia de títulos-valores - 19. Impuesto al patrimonio (impuesto sobre los capitales, impuestos sobre el patrimonio neto, impuestos sobre los activos, impuestos sobre los bienes personales no incorporados al proceso económico) - 20. Impuesto al enriquecimiento patrimonial a título gratuito - 21. Impuesto inmobiliario - 22. Impuesto a la renta normal potencial de la tierra. Impuesto a la producción agropecuaria - 23. Impuestos de sellos. Impuesto de justicia - 24. Impuesto al valor agragado - 25. Impuesto al ejercicio de actividades con fines de lucro (impuesto a los ingresos brutos) - 26. Impuestos aduaneros - 27. Impuestos internos - 28. Impuestos a las inversiones extranjeras - 29. Impuestos recaudados por el sistema de percerpción en la fuente - 30. Impuesto sobre actividades financieras diversas - 31. El crédito público - 32. El presupuesto - 32. Política financiera y política fiscal o tributaria  aspa1 aVillegas, Héctor Belisario41uhttps://biblioeco.unsa.edu.ar/pmb/images/libros/Curso de finanzas, derecho financiero y tributario2-l69990.jpgyImagen de portadaqimage/jpeg